Famous People from Ontario by Picture - Statistics

General Stats
  • This quiz has been taken 26 times
  • The average score is 12 of 20
Answer Stats
Picture Hint Answer % Correct
Stratford Justin Bieber
100%
Toronto Drake
96%
Newmarket Jim Carrey
92%
Napanee Avril Lavigne
83%
Toronto Mike Myers
83%
London Ryan Gosling
79%
Toronto The Weeknd
75%
Ottawa Sandra Oh
63%
Timmins Shania Twain
63%
Brantford Wayne Gretzky
63%
Ottawa Alanis Morissette
58%
Toronto Howie Mandel
58%
Toronto Alex Trebek
50%
Pickering Shawn Mendes
50%
Brampton Michael Cera
46%
Kingston Bryan Adams
42%
London Rachel McAdams
42%
Kapuskasing James Cameron
38%
Hamilton Shai Gilgeous-Alexander
33%
Ottawa Dan Akroyd
25%
No matching quizzes found
Score Distribution
Percent of People with Each Score
Percentile by Number Answered
Your Score History
You have not taken this quiz